Programovateľná elektronická záťaž

Enregistré dans:
Détails bibliographiques
Auteur principal: Klozík, Patrik (Auteur)
Autres auteurs: Dzuriš, Michal (Directeur de thèse)
Format: Manuscrit Livre
Langue:slovaque
Publié: Bratislava : STU v Bratislave FEI, 2025
Sujets:
Accès en ligne:https://opac.crzp.sk/?fn=detailBiblioFormChildM123HSB&sid=8D80AD18777FCC7F64B1B14DC29E&seo=CRZP-detail-kniha
Tags: Ajouter un tag
Pas de tags, Soyez le premier à ajouter un tag!

MARC

LEADER 00000ntm a22000003a 4500
001 stuzp101109
003 SK-STU
005 20260203104933.8
007 ta
008 150427s2015----xo-----f-mn---000-0-slo-d
040 |a STU  |b slo 
041 0 |a slo 
044 |a xo 
100 1 |a Klozík, Patrik  |u 034000  |4 aut  |U FEI Fakulta elektrotechniky a informatiky  |T FEI Ústav elektrotechniky  |X 120697  |U E040  |Y 550  |7 120697 
242 0 1 |a Programmable electronic load  |y eng 
245 1 0 |a Programovateľná elektronická záťaž 
260 |a Bratislava :  |b STU v Bratislave FEI,  |c 2025 
300 |a 97 s. 
650 4 |a meranie  |2 slo 
650 4 |a regulátor  |2 slo 
650 4 |a výkonová strata  |2 slo 
650 4 |a elektronická záťaž  |2 slo 
650 4 |a regulator  |2 eng 
650 4 |a power loss  |2 eng 
650 4 |a electronic load  |2 eng 
650 4 |a measurement  |2 eng 
700 1 |a Dzuriš, Michal  |u 034000  |k Z3  |4 ths  |U FEI Fakulta elektrotechniky a informatiky  |T FEI Ústav elektrotechniky  |X 92398  |U E040  |Y 550  |7 92398 
856 4 |u https://opac.crzp.sk/?fn=detailBiblioFormChildM123HSB&sid=8D80AD18777FCC7F64B1B14DC29E&seo=CRZP-detail-kniha